000 00998nam a2200241Ia 4500
999 _c37588
_d37588
001 3559
003 GE_BSU
005 20190619205028.0
008 181216s2004||||ge |||||||||||||| ||geo||
020 _a9992809388
040 _cGE_BSU
041 _ageo
080 _a541.49(075.8) მ–42
100 _aმაჩხოშვილი, რ.
_92553
245 _aკოორდინაციული ქიმიის შესავალი :
_bსახელმღვანელო უმაღლესი სასწ. სტუდენტებისათვის /
_cრედ.: გ. ცინაძე.
250 _aგამოც. მე–2
264 _aთბილისი,
_c2004.
300 _a130 გვ. ;
_b20 სმ.
653 _aკოორდინაციული ქიმია
653 _aკოორდინაციული ნაერთები
700 _aცინაძე, გ.
_eრედაქტორი
_92636
942 _cBK
_2udc